000 00722nam a22002057i 4500
999 _c22805
_d22805
003 AR-CdUCM
008 240320b20222022pe ||||| |||| 00| 0 spa d
020 _a978-612-5038-45-6
040 _aMUNICIPALIDAD PROVINCIAL DEL CUSCO
_cBIBLIOTECA MUNICIPAL DEL CUSCO
041 _hspa
082 _a869.57 / O742H
_bO742H
100 _aOrtiz Campos, Marlo Nino
_949507
245 _aLa Metamorfosis de Kimn /
260 _aLima :
_bMesa Redonda Editorial y Librería S.A.C.,
_c2022
300 _a143 páginas. :
_c21 cm.
505 _aRumbo al trabajo -- Sin pudor -- La metamorfosis -- El gran duelo -- El comienzo -- A oscuras
856 _fwww.editorialmesaredonda.com
942 _2ddc
_cLIBROS
945 _apbj
_d20-03-2024